00469nam a2200121Ia 4500001000400000008004100004082002600045100010600071245010400177260002300281901002800304999001500332249241024s9999 xx 000 0 und d aRD/374/R426m/2008/v.5 aRepública Dominicana.Secretaria de Estado de Educación.Dirección General de Educación Adultos 0aManual de Lectoescritura y Cálculo Básico, Alfabeticemos ahora Red Nacional de Alfabetización bAlfa & Omegac2008 a27/10/2010 8:40:04 a.m. c8441d8441